000 01026nam a22003017a 4500
003 CHAP
005 20220329135805.0
008 971013s1958 r 00010 d
010 _a42208
011 _a43180
035 _a47316
040 _cCHAP
082 _a330.9725
_bM4
110 _aMéxico. Dirección General de Estudios Económicos
_976988
245 _aProyecto de programa de gobierno del estado de México
260 _a(México, D.F. :
_bTalleres Gráficos de la Nación),
_c(1958)
300 _a520 p
590 _aBATCH-UPD
_b10
_c20130110
_lUCH01
_h1148
590 _aBATCH-UPD
_b10
_c20130410
_lUCH01
_h0733
590 _aBATCH-UPD
_b10
_c20130914
_lUCH01
_h1826
590 _aCONVERSION
_b10
_c20130109
_lUCH01
_h1323
650 1 4 _aMéxico (Edo.)
_xCondiciones económicas.
_976824
650 1 4 _aMéxico (Edo.)
_xPolítica y gobierno.
_976837
650 1 4 _aPolítica económica
_xMéxico (Edo.)
_990516
901 _aBK
942 _cLIBRO
949 _a330.9725 M4
_bBC
_cLIBRO
_d33724000330932
_eLIBRO
_i47316
_si
999 _c42208
_d42208